| 000 | 00446cam a2200181ua 4500 | ||
|---|---|---|---|
| 020 | _c2.25 | ||
| 041 |
_amal _h |
||
| 082 |
_a894.812 308 _bPAU/AT |
||
| 100 | _aPaul Chirakarodu, . | ||
| 245 |
_aAthmavil Oru Theechula / _cPaul Chirakarodu. _hTextual Documents |
||
| 250 |
_a1 / _b. |
||
| 260 |
_aKollam : _bSouthern Book Stall , _c1962. |
||
| 300 | _a176 ; . | ||
| 365 | _a2.25 | ||
| 504 | _a | ||
| 942 | _cBK | ||
| 999 |
_c3882 _d3882 |
||